00810nam a2200241 a 450000100060000000300080000600500170001400800410003102000180007203500190009004000270010904100080013608200290014410000230017324501160019626000640031230000330037650400410040965000380045065000380048870000240052670000180055061006BD-RjUL20211209080918.0170105s2008 bg a b 000 0 eng  a9847015300050 a(BD-RjUL)61130 aDLCcDLCdBD-RjULbeng aeng 223a370.825492bKAW 20081 aKabir, M. Khairul 10aWomen in mainstream development :bthe role of mass media /cM. Khairul Kabir, Md. Shafiqul Islam, Anwarul Azim aComilla :bBangladesh Academy for Rural Development,c2008. axix, 100 p. :bill ;c23 cm. aIncludes bibliography : (p. 97-100). 0aMass media and womenzBangladesh. 0aWomen in developmentzBangladesh.1 aIslam, Md. Shafiqul1 aAzim, Anwarul